书目信息 |
| 题名: |
新时期党性修养概论
|
|
| 作者: | 罗德富 著 | |
| 分册: | ||
| 出版信息: | 北京 中共中央党校出版社 2005 |
|
| 页数: | 236页 | |
| 开本: | 21cm | |
| 丛书名: | ||
| 单 册: | ||
| 中图分类: | D263.3 | |
| 科图分类: | ||
| 主题词: | 党性 , 修养 | |
| 电子资源: | ||
| ISBN: | 7-5035-3342-0 | |
| 000 | 00779nam0 2200253 450 | |
| 001 | 003145829 | |
| 005 | 20061101083510.21 | |
| 010 | @a7-5035-3342-0@dCNY17.00 | |
| 100 | @a20060104d2005 em y0chiy0110 ea | |
| 101 | 0 | @achi |
| 102 | @aCN@b110000 | |
| 105 | @ay z 000yy | |
| 200 | 1 | @a新时期党性修养概论@9xin shi qi dang xing xiu yang gai lun@f罗德富著@Fluo de fu zhu |
| 210 | @a北京@c中共中央党校出版社@d2005 | |
| 215 | @a236页@d21cm | |
| 330 | @a本书对改革开放新时期党性修养的特点、意义、目标、原则、内容、方法、评价等内容进行了研究。 | |
| 601 | 02 | @a中国共产党 |
| 601 | 02 | @a中国共产党@x党性@x修养 |
| 606 | 0 | @a党性 |
| 606 | 0 | @a修养 |
| 690 | @aD263.3@v4 | |
| 701 | 0 | @a罗德富@9luo de fu@f(1968.1~)@4著 |
| 801 | 0 | @aCN@bNLC@c20061101 |
| 905 | @a10447@dD263.3@e127 | |
| 新时期党性修养概论/罗德富著.-北京:中共中央党校出版社,2005 |
| 236页;21cm |
| ISBN 7-5035-3342-0:CNY17.00 |
| 本书对改革开放新时期党性修养的特点、意义、目标、原则、内容、方法、评价等内容进行了研究。 |
| ● |
| 相关链接 |
|
|
|
|
正题名:新时期党性修养概论
索取号:D263.3/127
 
预约/预借
| 序号 | 登录号 | 条形码 | 馆藏地/架位号 | 状态 | 备注 |
| 1 | 0386820 | 203868207 | 第一样本阅览室/ [索取号:D263.3/127] | 在馆 | |
| 2 | 0386821 | 203868216 | 第一借阅区/ [索取号:D263.3/127] | 在馆 | |
| 3 | 0386822 | 203868225 | 第一借阅区/ [索取号:D263.3/127] | 在馆 | |
| 4 | 0386823 | 203868234 | 第一借阅区/ [索取号:D263.3/127] | 在馆 | |
| 5 | 0386824 | 203868243 | 第一借阅区/ [索取号:D263.3/127] | 在馆 |